000 01588cam0 2200397 ib4500
001 BY-MI0013-br4503981
005 20260423143545.0
010 ^a978-5-378-31665-6
^bв переплете
035 ^a(BY-MI0013)BY-MI0013-br4503981
100 ^a20260417d2026 d y0rusy50 ca
101 ^arus
102 ^aRU
105 ^aa z 000ay
109 ^ama
181 0 ^ai3
181 ^ab1
182 0 ^an
200 1 ^aГулливер в стране лилипутов
^fДжонатан Свифт
^gпересказ Тамары Габбе
^gхудожник Андрей Арестов
203 ^aТекст
^cнепосредственный
210 ^aРостов-на-Дону
^cПроф-Пресс
^d2026
215 ^a94, [2] с.
^cил.
^d22 см
225 1 ^aСерия "Школьная библиотека"
300 ^aТекст печатается без сокращений
333 ^a12+
345 ^91000 экз.
608 ^aСКАЗКА
^2BYGNR
^3BY-NLB-ar30342
608 ^aДЕТСКАЯ И ЮНОШЕСКАЯ ЛИТЕРАТУРА (лит. произведение)
^2BYGNR
^3BY-NLB-ar9019
686 ^a84(4Вел)
^2rubbk
690 ^a1
^2Base
^9BY-MI0013
^xRSEK
700 1 ^aСвифт
^bДж.
^gДжонатан
^f1667—1745
^3BY-NLB-ar97117
702 1 ^aГаббе
^bТ. Г.
^gТамара Григорьевна
^cписательница
^f1903—1960
^4570
^3BY-NLB-ar2636488
801 0 ^aBY
^bBY-MI0013
^c20260417
^gRCR
899 0 ^aBY-MI0013
^iС24
^h84(4Вел)